মানব শারীরবিদ্যা / (Record no. 11123)
[ view plain ]
| 000 -LEADER | |
|---|---|
| fixed length control field | 00721nam a2200217 a 4500 |
| 001 - CONTROL NUMBER | |
| JCCL Control Number | 11123 |
| 003 - CONTROL NUMBER IDENTIFIER | |
| JCCL marc code | BD-JhCC |
| 005 - DATE AND TIME OF LATEST TRANSACTION | |
| control field | 20190731120554.0 |
| 008 - FIXED-LENGTH DATA ELEMENTS--GENERAL INFORMATION | |
| fixed length control field | 190631b20032017bg a|||| ||a| 000 0 ben d |
| 035 ## - SYSTEM CONTROL NUMBER | |
| system control number | (BD-JhCC)11123 |
| 040 ## - CATALOGING SOURCE | |
| Original cataloging agency | BD-JhCC |
| Modifying agency | BD-JhCC |
| 041 ## - LANGUAGE CODE | |
| Language code of Book | ben |
| 082 ## - DEWEY DECIMAL CLASSIFICATION NUMBER | |
| Classification number | 612 |
| Author mark and Year | UDD 2017 |
| 100 ## - MAIN ENTRY--PERSONAL NAME | |
| Personal name | উদ্দিন, মো:নাজিম |
| 245 ## - TITLE STATEMENT | |
| Title | মানব শারীরবিদ্যা / |
| Statement of responsibility, etc | প্রফেসর মো: নাজিম উদ্দিন । |
| 260 ## - PUBLICATION, DISTRIBUTION, ETC. (IMPRINT) | |
| Place of publication, distribution, etc | ঢাকা: |
| Name of publisher, distributor, etc | নিসর্গ প্রকাশনী; |
| Date of publication, distribution, etc | ২০১৭. |
| 300 ## - PHYSICAL DESCRIPTION | |
| Pagination | ৪৪৮ পৃঃ . : |
| Other physical details | ill; |
| Dimensions | ২৬ সেমি. |
| 650 ## - SUBJECT ADDED ENTRY--TOPICAL TERM | |
| Topical term or geographic name as entry element | Human physilogy |
| 942 ## - ADDED ENTRY ELEMENTS (KOHA) | |
| Source of classification or shelving scheme | Dewey Decimal Classification |
| Koha item type | Books |
| Source of classification or shelving scheme | Damaged status | Not for loan | Home library | Current library | Shelving location | Cost, normal purchase price | Total Checkouts | Full call number | Barcode | Date last seen | Copy number | Koha item type |
|---|---|---|---|---|---|---|---|---|---|---|---|---|
| Dewey Decimal Classification | JCC Rouf Library | JCC Rouf Library | General Stacks | 280.00 | 612 UDD 2017 | 14993 | 07/31/2019 | C-1 | Books |